Sports Quiz

Random Sports or Football Quiz

UEFA Euro 2012 Draw Quiz Stats

Quiz Updated Jul 14, 2016

Challenge
Share
Tweet
Embed
Score 0/16 Timer 02:00
6 Plays Today
% Correct
Spain
97.7%
England
96.1%
Germany
95.5%
Italy
95%
France
95%
Portugal
94%
Netherlands
89.1%
Poland
87.7%
% Correct
Sweden
87.6%
Russia
84.9%
Ireland
84.4%
Greece
81.5%
Ukraine
81.3%
Denmark
79.7%
Croatia
72.3%
Czechia
70%

You're not logged in!

Compare scores with friends on all Sporcle quizzes.
Sign Up with Email
OR
Log In

You Might Also Like...

Show Comments

Extras

Top Quizzes Today


Score Distribution

Your Account Isn't Verified!

In order to create a playlist on Sporcle, you need to verify the email address you used during registration. Go to your Sporcle Settings to finish the process.